CLINICAL CHEMISTRY AND METABOLIC MEDICINE (Record no. 799317)

MARC details
000 -LEADER
fixed length control field 00374pam a2200157 a 4500
020 ## - INTERNATIONAL STANDARD BOOK NUMBER
International Standard Book Number 9780340906187
Terms of availability
041 ## - LANGUAGE CODE
Language code of original
082 ## - DEWEY DECIMAL CLASSIFICATION NUMBER
Classification number 616.07
Item number CRO
100 ## - MAIN ENTRY--PERSONAL NAME
Personal name CROOK M.A.
245 ## - TITLE STATEMENT
Title CLINICAL CHEMISTRY AND METABOLIC MEDICINE
Medium Textual Documents
250 ## - EDITION STATEMENT
Edition statement 7 ED.
260 ## - PUBLICATION, DISTRIBUTION, ETC.
Name of publisher, distributor, etc. HODDER ARNOLD
Date of publication, distribution, etc. 2006
300 ## - PHYSICAL DESCRIPTION
Extent 426:
Other physical details VI;
Dimensions PB.
650 ## - SUBJECT ADDED ENTRY--TOPICAL TERM
Topical term or geographic name entry element PATHOLOGY
930 ## - EQUIVALENCE OR CROSS-REFERENCE-UNIFORM TITLE HEADING [LOCAL, CANADA]
Uniform title 4789
Holdings
Withdrawn status Lost status Damaged status Not for loan Collection Home library Current library Date acquired Source of acquisition Cost, normal purchase price Total Checkouts Full call number Barcode Date last seen Copy number Price effective from Koha item type
          Medical College & Hospital, Sangli Medical College & Hospital, Sangli 22/07/2011 B.M.S.G.B.PUNE 612.15   616.07 CRO MCS-9701 26/07/2023 1 26/07/2023 Book